Self care for women / (Record no. 147193)

MARC details
000 -LEADER
fixed length control field 00567nam a22001817a 4500
005 - DATE AND TIME OF LATEST TRANSACTION
control field 20171107110227.0
010 ## - LCCN (DPL NO)
LC control number ENG-121256
020 ## - INTERNATIONAL STANDARD BOOK NUMBER
Terms of availability 100.00
International Standard Book Number 9788123728049
035 ## - SYSTEM CONTROL NUMBER
System control number EN-104788
037 ## - SOURCE OF ACQUISITION
Source of stock number/acquisition DBAD/PUB
082 ## - DEWEY DECIMAL CLASSIFICATION NUMBER
Classification number 613.0424
100 ## - MAIN ENTRY--PERSONAL NAME
Personal name Sheth, R. Parul
245 ## - TITLE STATEMENT
Title Self care for women /
Statement of responsibility, etc by Parul R. Sheth
260 ## - PUBLICATION, DISTRIBUTION, ETC. (IMPRINT)
Place of publication, distribution, etc New Delh
Name of publisher, distributor, etc National Book Trust
Date of publication, distribution, etc 2015
270 ## - ADDRESS
Address Nehru Bhawan, 5 Institutional Area, Phase-II Vasant Kunj
City New Delh
Postal code 110070
300 ## - PHYSICAL DESCRIPTION
Extent xi, 655p. :
Dimensions 22cm.(pbk)
Other physical details ill.
942 ## - ADDED ENTRY ELEMENTS (KOHA)
Source of classification or shelving scheme Dewey Decimal Classification
Item type English Books
Classification part 613.0424
Call number suffix SHE
Holdings
Withdrawn status Lost status Not for loan Collection code Home library Current library Date acquired Source of acquisition Cost, normal purchase price Full call number Barcode Copy number Cost, replacement price Koha item type
    Not For Loan Non-fiction D.B.Act.Division Bawana 06/11/2017 DBAD/PUB 100.00 613.0424 SHE EN-104788 1 100.00 English Books

© Delhi Public Library
Hit Counter
free hit counter